ALL INDIA REPORTER , 1967 (V-54) S.C. SECTION (Record no. 6888)

MARC details
000 -LEADER
fixed length control field 00358nam a22001337a 4500
005 - DATE AND TIME OF LATEST TRANSACTION
control field 20200607110250.0
008 - FIXED-LENGTH DATA ELEMENTS--GENERAL INFORMATION
fixed length control field 200607b xxu||||| |||| 00| 0 eng d
082 ## - DEWEY DECIMAL CLASSIFICATION NUMBER
Classification number 345.4
110 ## - MAIN ENTRY--CORPORATE NAME
Corporate name or jurisdiction name as entry element ALL INDIA REPORTER
245 ## - TITLE STATEMENT
Title ALL INDIA REPORTER , 1967 (V-54) S.C. SECTION
260 ## - PUBLICATION, DISTRIBUTION, ETC. (IMPRINT)
Place of publication MUMBAI
Name of publisher ALL INDIA REPORTER, PVT LTD.
300 ## - PHYSICAL DESCRIPTION
Number of Pages 184;p
942 ## - ADDED ENTRY ELEMENTS (KOHA)
Koha item type Journals/Serial
Holdings
Lost status Damaged status Collection code Home library Current library Shelving location Date acquired Source of acquisition Full call number Accession Number Koha item type
    LAW JRU Library JRU Library SHELF-35-E 19/06/2020 PURCHESS 345.4 24481 Journals/Serial